00667nam a2200169Ia 4500008004100000020001800041082002100059100002300080245011200103250000600215260002400221300001100245500006000256650005700316952010700373999001700480120622s9999 xx 000 0 und d a970-07-2440-9 a340.1 G266t 2000 aGaudemet, Eugène aTeoría general de las obligaciones / Eugène Gaudemet ; tr. y notas de derecho mexicano por Pablo Macedo a3 aMéxico : Porrúa a534 p. aTraducción de: Théorie générale des obligations a1. TEORIA DEL DERECHO \ 2. OBLIGACIONES (DERECHO)Ì 00104070a01b01d2007-01-25l1o340.1 G266T 2000p01 008701r2013-10-17s2013-10-17w2012-06-24yLB c57987d57987